000 00875nam a2200265Ia 4500
003 OSt
005 20220930094454.0
006 a|||||r|||| 00| 0
007 ta
008 220926b |||||||| |||| 00| 0 eng d
024 _a72026
037 _cTheses
040 _aCRL
_cCRL
_beng
041 _2eng
_aeng
100 _aGill Kamalpreet Singh Au.
_9555654
110 _aUniversity of Delhi. Facutly of Social Sciences. Department of Social Work
_9555655
245 0 _aLandscapes of devotion
_b a study of the devotional worlds of jatheras in Punjab
260 _c2020
300 _a297p.
_ap.
_ccm.
650 _aSociology
700 _a Chopra Radhika Gu.
_9550509
700 _aUniversity of Delhi. Facutly of Social Sciences. Department of Social Work
_9555656
942 _cDIS
_2CC
999 _c887173
_d887173